Statystyki dla Sąsiedzi wybranych krajów #1

Kliknij tutaj aby rozwiązać quiz!

Ogólne statystyki

  • Ten quiz został rozwiązany 3 262 razy
    (1 574 od ostatniego zresetowania)
  • Średni wynik to 72 z 105

Statystyki odpowiedzi

PaństwoSąsiedzi% Poprawnych
| Holandia | PolskaNiemcy
99%
| Chiny | MongoliaRosja
99%
Czechy
97%
| Szwajcaria | WłochyFrancja
97%
Litwa
97%
Słowacja
97%
Ukraina
97%
Białoruś
96%
HiszpaniaPortugalia
96%
NorwegiaSzwecja
94%
Belgia
93%
Austria
90%
Finlandia
90%
Szwajcaria
88%
| ChorwacjaSłowenia
85%
Andora
84%
Dania
81%
Stany ZjednoczoneKanada
80%
Luksemburg
80%
NiemcyPolska
80%
Watykan
79%
Meksyk
77%
San Marino
77%
Serbia
77%
Mongolia
75%
Węgry
75%
BrazyliaArgentyna
74%
| Indie | Kazachstan | WietnamChiny
69%
Holandia
69%
Indie
68%
Liechtenstein
68%
MeksykStany Zjednoczone
68%
Włochy
68%
Korea Północna
67%
Bośnia i Hercegowina
65%
Kazachstan
65%
Kolumbia
65%
Czarnogóra
64%
Pakistan
64%
Chile
62%
Peru
61%
Urugwaj
61%
Wenezuela
61%
Boliwia
60%
Laos
60%
Nepal
59%
Tadżykistan
58%
Wietnam
58%
Uzbekistan
57%
Kirgistan
56%
Paragwaj
56%
PeruEkwador
54%
Libia
54%
Turkmenistan
53%
Afganistan
52%
Maroko | TunezjaAlgieria
51%
Gujana
51%
Bangladesz
50%
Bhutan
50%
| WenezuelaBrazylia
49%
Surinam
49%
Kambodża
48%
EgiptSudan
45%
Gwatemala
44%
Izrael
41%
Lesotho
41%
Belize
40%
Mjanma
40%
Mauretania
31%
Namibia
30%
Południowa AfrykaBotswana
29%
Mozambik
28%
Zimbabwe
28%
Suazi
24%

Rozkład punktacji

Percentyl według liczby udzielonych odpowiedzi

Procent ludzi z każdym wynikiem

Twoja historia wyników

Nie rozwiązałeś tego quizu od ostatniego zresetowania